000 00439nam a22001457a 4500
005 20160811112642.0
008 160811b xxu||||| |||| 00| 0 eng d
050 _aBL2400.M685
100 _aMligo, Elia S.
_924776
245 _aElements of African traditional religion
_cby Mligo, Elia S.
260 _aOregon
_bResource Publications
_c2013
300 _axv, 116p.;
_c20cm.
650 _aAfrica
_xReligion
_921261
942 _2lcc
_cMONOGRAPH
999 _c124908
_d124908